| 000 | 00799cab a22002055a 4500 | ||
|---|---|---|---|
| 001 | L141294 | ||
| 008 | 071114e20071012xxk f 000 0 eng d | ||
| 035 | _a(Sirsi) u141294 | ||
| 041 | 0 | _aeng | |
| 100 | 1 | _aRawlinson, Simon | |
| 245 | 0 | 0 |
_aSustainability _bembodied carbon |
| 260 | _c2007 | ||
| 490 | 0 |
_aBuilding _v272(8501) 12 October 2007, 88-91(4) |
|
| 520 | _aReports on Davis Langdon's initiative to measure embodied carbon in construction. Explains what embodied carbon is, its relevance to construction, how it can be measured, and making use of the assessment. Two case studies illustrate how embodied carbon is calculated and applied. | ||
| 590 | _aKA | ||
| 651 | 4 |
_aUnited Kingdom _y |
|
| 690 | _aBUILT ENVIRONMENT-SUSTAINABLE CONSTRUCTION | ||
| 700 | 1 | _aWeight, David | |
| 942 | _n0 | ||
| 999 |
_c79441 _d79441 |
||